| 000 | 00526nam a22001937a 4500 | ||
|---|---|---|---|
| 003 | OSt | ||
| 005 | 20140310181713.0 | ||
| 008 | 121211t xxu||||| |||| 00| 0 eng d | ||
| 020 | _a9718525017 | ||
| 050 |
_aPN 6122 _b.M266 1988 |
||
| 082 |
_aFIL 808.51 _bM311 1988 |
||
| 100 | _aManalo, Jose M. | ||
| 245 |
_aGateway to dynamics eloquency / _cJose M. Manalo |
||
| 260 |
_aQuezon City : _bCommunications Upgrade, _c1988. |
||
| 300 |
_a387 p. : _bill. ; _c23 cm. |
||
| 650 | _aSpeeches | ||
| 942 |
_2lcc _cBK |
||
| 999 |
_c1643 _d1643 |
||